The land market and development process

Bibliographic Details
Main Author: Barrett, Susan
Other Authors: Steward, Murray, Underwood, Jacky
Format: Book
Published: England : University of Bristol , 1978
Subjects:

MARC

LEADER 00000cam a2200000 7i4500
001 0000002112
005 20050429.0
020 |a 01414380 
040 |a INS 
090 0 0 |a HD598.   |b B193 1978 
100 1 |a Barrett, Susan 
245 1 4 |a The land market and development process   |c Susan Barrett, Murray Stewart and Jacky Underwood 
260 |a England :   |b University of Bristol ,   |c 1978 
300 |a iii, 174p. ;   |c 21 cm. 
650 0 0 |a Real estate development 
700 1 |a Steward, Murray 
700 1 |a Underwood, Jacky 
999 |a 0000000640   |b BOOK   |c Open Shelf   |e Default branch 
999 |a 0000023469   |b BOOK   |c Open Shelf   |e Default branch